000 00737nmc a2200301 a 4500
003 AR-BaBNM
005 20251128202754.0
008 037019s1956 ||||||||||||||000 | spa||
040 _cAR-BaBNM
100 1 _aCambaceres, Eugenio
245 1 0 _aObras completas
260 _aSanta Fe
_bCastellví
_c1956
300 _a263 p.
490 0 _aClásicos argentinos Castellví
650 4 _aLITERATURA ARGENTINA
650 4 _aESCRITORES
650 4 _aNOVELAS
650 4 _aGENERACION DE 1880
650 4 _aINMIGRACION
650 4 _aHUMOR
650 4 _aSIGLO DIECINUEVE
650 4 _aNACIONALISMO
653 _aNATURALISMO
655 _aLITERATURA
700 1 _aDanero, E.M.S.
_eprologuista
942 _cBK
998 _cMARTIN
999 _c494
_d494